Modulo de elaboracion de mapas de sensibilidad a derrames de petroleo /

Guardado en:
Autor Principal: Harper John R
Formato: Libro
Publicado: Sidney [canad ] : Coastal & Ocean, 0
Etiquetas: Agregar Etiqueta
Sin Etiquetas, Sea el primero en etiquetar este registro!
LEADER 00449nam a22001455a 4500
001 CEM.cems010318
005 20060214000000.0
008 130507b######################000#0#####d
003 CEMS
082 0 4 |a F574.5 
100 1 |a Harper John R 
245 1 0 |a Modulo de elaboracion de mapas de sensibilidad a derrames de petroleo / 
260 |a Sidney [canad ] :  |b Coastal & Ocean, 0 
300 |a 43 p.1 
859 |a CEMS  |b BIB. CEMS - 11 de abril  |h F574.5  |i 27-1  |p 1694.44  |t Ej.1